| 000 | 01509nam a2200385 a 4500 | ||
|---|---|---|---|
| 001 | ebr10526880 | ||
| 003 | CaPaEBR | ||
| 006 | m u | ||
| 007 | cr cn||||||||| | ||
| 008 | 820708s1981 ne af sb 010 0 eng d | ||
| 020 | _z9027220077 | ||
| 020 | _z9789027220073 | ||
| 020 | _z9789027274519 (e-book) | ||
| 040 |
_aCaPaEBR _cCaPaEBR |
||
| 035 | _a(OCoLC)778436319 | ||
| 041 | 0 |
_aeng _apor _aita |
|
| 043 |
_ae-po--- _as-bl--- _ae------ |
||
| 050 | 1 | 4 |
_aPC5014.R6 _bF7 1981eb |
| 082 | 0 | 4 |
_a440 _219 |
| 245 | 0 | 0 |
_aFrom linguistics to literature _h[electronic resource] : _bRomance studies offered to Francis M. Rogers / _cedited by Bernard H. Bichakjian. |
| 260 |
_aAmsterdam : _bJ. Benjamins B.V., _cc1981. |
||
| 300 |
_a292 p., [6] leaves of plates : _bill. |
||
| 504 | _a"List of publications by Francis M. Rogers": p. [3]-16. | ||
| 504 | _aIncludes bibliographical references. | ||
| 533 |
_aElectronic reproduction. _bPalo Alto, Calif. : _cebrary, _d2012. _nAvailable via World Wide Web. _nAccess may be limited to ebrary affiliated libraries. |
||
| 546 | _aEnglish, Italian, and Portuguese. | ||
| 600 | 1 | 0 | _aRogers, Francis Millet. |
| 650 | 0 | _aPortuguese philology. | |
| 650 | 0 | _aRomance philology. | |
| 655 | 7 |
_aElectronic books. _2local |
|
| 700 | 1 | _aRogers, Francis Millet. | |
| 700 | 1 | _aBichakjian, Bernard H. | |
| 710 | 2 | _aebrary, Inc. | |
| 856 | 4 | 0 |
_uhttp://site.ebrary.com/lib/rucke/Doc?id=10526880 _zAn electronic book accessible through the World Wide Web; click to view |
| 999 |
_c240442 _d240442 |
||